01009nam a2200241 u 450000100070000000500170000700800410002403500110006504000130007604100080008908000070009710000470010424501380015126000230028930000190031265000390033165000390037065000390040970000450044870000470049370000440054078701830058473547820260506092940.0020508s2001 ||||||m| spa  a735478 ccomduadb aspa aWA10aWiedemann Rivera, Julieth Helena4auteaut10aConstruccion de tableros de gestion y control para la E.S.E Hospital del Sur "Gabriel Jaramillo Piedrahita" municipio de Itagui, 2001 aMedellín,c2001. a100p. + Anexos aSistemas de información en salud aEvaluación de servicios de salud 7aAdministración hospitalaria2dcs10aLeon Alvarez, Robinson Antonio4auteaut10aEspinosa Pineda, Angela Patricia4thseths10aMarin Echeverri, Alfonso Heli4thseths08iTítulo de la tesistInforme de practica (Gerencia en Sistemas de Informacion en Salud). Universidad de Antioquia. Facultad Nacional de Salud Publica "Hector Abad Gomez"w360720